| 000 | 00674nam a2200217 a 4500 | ||
|---|---|---|---|
| 005 | 20220519121535.0 | ||
| 008 | 081128s2006 es r 000 0 spa d | ||
| 020 | _a8497542177 | ||
| 035 | _aUPN01000168263 | ||
| 049 | _aI | ||
| 050 | 4 |
_aQD461 _bT8.3 |
|
| 100 | 1 | _aTweed, Matt | |
| 245 | 1 | 0 |
_aElementos esenciales : _bátomos, quarks y la tabla periódica / _cescrito e il. Matt Tweed ; tr. de Irene Amador. |
| 260 |
_aBarcelona, Esp. : _bOniro, _cc2006. |
||
| 300 |
_a62 p. : _bil. |
||
| 440 | 3 |
_aLa aventura de la ciencia ; _v15 |
|
| 534 |
_pTitulo original: _tEssential elements |
||
| 650 | 2 |
_aÁtomos _92821 |
|
| 650 | 4 |
_aTABLA PERIODICA _912675 |
|
| 905 | _aInfantil | ||
| 999 |
_c140370 _d140370 |
||